000 00305nam a22001337a 4500
008 170414b xxu||||| |||| 00| 0 eng d
020 _a0878574638
041 _aeng
080 _a612.39
100 _a10
101 _aSHM
245 _aUNDERSTANDING VITAMINS AND MINERALS
_cPREVENTION
942 _2udc
_cBK
999 _c10785
_d10785